00868cam a22002411 4500001001300000003000400013005001700017008004100034010001700075035001800092040001900110042001200129050001600141110004700157245004300204260002300247300003100270490006800301500009900369651002500468810011600493999001700609pa 58000039 DLC20260227111854.0730905s1958 xx 000 0 mul  apa 58000039  a(OCoLC)685119 aDLCcPPiUdDLC apremarc00aHF3281b.P32 aPan American Union.bOffice of Statistics.10aForeign trade of Nicaragua, 1945-1955. aWashington,c1958. aiv, 34 p.btables.c27 cm.1 aIts International trade of the American States. Bulletinvno. 5 aAt head of title: Organization of American States. Inter-American Economic and Social Council. 0aNicaraguaxCommerce.2 aPan American Union.bDepartment of Statistics.tInternational trade of the American States.tBulletin ;vno. 5. c51370d51370